MARC

LEADER 00000nam0a2200000 4500
001 299850
005 20231102001237.0
035 |a (RuTPU)RU\TPU\book\325003 
090 |a 299850 
100 |a 20150703d1982 m y0rusy50 ca 
101 1 |a rus  |c eng 
102 |a RU 
105 |a y z 000zy 
200 1 |a Открытия, которых никогда не было  |e пер. с англ.  |f Р. Рамсей 
210 |a Москва  |c Прогресс  |d 1982 
215 |a 205 с. 
606 1 |a Географические открытия и исследования  |x История  |2 stltpush  |3 (RuTPU)RU\TPU\subj\5915  |9 33899 
610 1 |a география 
610 1 |a географы 
610 1 |a географические экспедиции 
610 1 |a Эльдорадо 
610 1 |a Гренландия 
610 1 |a Северная Земля 
610 1 |a история 
610 1 |a Америка 
610 1 |a плавание 
675 |a 910.4(09)  |v 4 
700 1 |a Рамсей  |b Р.  |g Раймонд 
801 1 |a RU  |b 63413507  |c 20150703 
801 2 |a RU  |b 63413507  |c 20160513  |g RCR 
942 |c BK